Central Library OPAC University of Rajshahi

Turkey / (Record no. 27889)

MARC details
000 -LEADER
fixed length control field 01029cam a22003011i 4500
001 - CONTROL NUMBER
control field 27889
003 - CONTROL NUMBER IDENTIFIER
rucl marc code BD-RjUL
005 - DATE AND TIME OF LATEST TRANSACTION
control field 20211209051220.0
008 - FIXED-LENGTH DATA ELEMENTS--GENERAL INFORMATION
fixed length control field 140327s18991988nyuabj 001 0 eng
035 ## - SYSTEM CONTROL NUMBER
System control number (BD-RjUL)27969
System control number (OCoLC)8571165
040 ## - CATALOGING SOURCE
Original cataloging agency DLC
Transcribing agency TxF
Modifying agency DLC
Language of cataloging eng
041 ## - LANGUAGE CODE
Language code of text/sound track or separate title eng
082 ## - DEWEY DECIMAL CLASSIFICATION NUMBER
Classification number 956.1
Author mark and year LAT 1899
100 2# - MAIN ENTRY--PERSONAL NAME
Personal name Lane-Poole, Stanley,
Dates associated with a name 1854-1931.
9 (RLIN) 80489
245 10 - TITLE STATEMENT
Title Turkey /
Statement of responsibility, etc. by Stanley Lane-Poole, assisted by F. [!] J. W. Gibb and Arthur Gilman.
260 ## - PUBLICATION, DISTRIBUTION, ETC. (IMPRINT)
Place of publication, distribution, etc. New York :
Name of publisher, distributor, etc. G. P. Putnam's sons ;
Place of publication, distribution, etc. London :
Name of publisher, distributor, etc. T.F. Unwin,
Date of publication, distribution, etc. C1899 AND 1899
300 ## - PHYSICAL DESCRIPTION
Pagination xviii, 373 p. :
Illustrations ill., fold. maps, geneal. tab. ;
Size 20 cm.
500 ## - GENERAL NOTE
General note First published 1888 under title: The story of Turkey.
504 ## - BIBLIOGRAPHY, ETC. NOTE
Bibliography, etc Includes index
651 #0 - SUBJECT ADDED ENTRY--GEOGRAPHIC NAME
Geographic name Turkey
General subdivision History.
9 (RLIN) 85549
700 1# - ADDED ENTRY--PERSONAL NAME
Personal name Gibb, Elias John Wilkinson,
Dates associated with a name 1857-1901.
Personal name Gilman, Arthur,
Dates associated with a name 1837-1909.
942 ## - ADDED ENTRY ELEMENTS (KOHA)
Source of classification or shelving scheme Dewey Decimal Classification
Koha item type Books
Holdings
Lost status Source of classification or shelving scheme Damaged status Not for loan Collection code Permanent Location Current Location Shelving location Date acquired Source of acquisition Cost, normal purchase price Total Checkouts Full call number Date last seen Copy number Koha item type
  Dewey Decimal Classification     Non-fiction Central Library, University of Rajshahi Central Library, University of Rajshahi   08/11/1966 A.H. QURASHI 14.40   956.1 LAT 1899 27/03/2014 C-3 Books